[Event "Lugano op"]
[Site "Lugano"]
[Date "2021.07.31"]
[Round "2"]
[White "Zahner, Rolf"]
[Black "Cacciola, Alfredo"]
[Result "0-1"]
[WhiteElo "1379"]
[BlackElo "2182"]
[PlyCount "43"]
[EventDate "2021.07.30"]
[EventType "swiss"]
[EventRounds "5"]
[EventCountry "SUI"]
[SourceTitle "EXT 2022"]
[Source "ChessBase"]
[SourceDate "2021.10.06"]
[SourceVersion "1"]
[SourceVersionDate "2021.10.06"]
[SourceQuality "1"]

1. e4 c5 2. Bc4 d6 3. h3 Nf6 4. d3 g6 5. Nf3 Bg7 6. 0-0 0-0 7. Nc3 Nc6 8. a3 h6 9. Rb1 e6 10. Re1 d5 11. exd5 exd5 12. Ba2 d4 13. Ne4 Nxe4 14. Rxe4 Bf5 15. Re1 Qd6 16. Bd2 a5 17. Qc1 g5 18. Qd1 Ne7 19. Qe2 Ng6 20. g4 Bd7 21. Qf1 Bc6 22. Qe2 0-1

[Event "Lugano Special Edition op 19th"]
[Site "Lugano"]
[Date "2021.03.13"]
[Round "2"]
[White "Schneider, Antonio"]
[Black "Zahner, Rolf"]
[Result "1-0"]
[WhiteElo "1783"]
[BlackElo "1365"]
[PlyCount "63"]
[EventDate "2021.03.12"]
[EventType "swiss"]
[EventRounds "5"]
[EventCountry "SUI"]
[SourceTitle "CBM 201 Extra"]
[Source "ChessBase"]
[SourceDate "2021.05.31"]
[SourceVersion "1"]
[SourceVersionDate "2021.05.31"]
[SourceQuality "1"]

1. e4 c5 2. Nc3 d6 3. Nf3 e6 4. d4 cxd4 5. Nxd4 a6 6. a4 Bd7 7. Be3 Nc6 8. Nb3 Nf6 9. a5 Ne7 10. Bb6 Qb8 11. Bd4 e5 12. Be3 Bc6 13. f3 Nc8 14. Nd5 Nxd5 15. exd5 Bd7 16. Bd3 Be7 17. 0-0 0-0 18. f4 Bf6 19. c3 Ne7 20. fxe5 Bxe5 21. Qf3 Qc8 22. h3 f5 23. Nd4 g6 24. Rfc1 Qe8 25. Ra3 Qf7 26. Rb3 Rab8 27. c4 Qf6 28. Ne2 Rfc8 29. Ba7 Ra8 30. Rxb7 Rxa7 31. Rxa7 Bd4+ 32. Nxd4 1-0

[Event "Stein am Rhein op 11th"]
[Site "Stein am Rhein"]
[Date "2020.02.08"]
[Round "3"]
[White "Zahner, Rolf"]
[Black "Busch, Yannick"]
[Result "0-1"]
[WhiteElo "1401"]
[BlackElo "1692"]
[PlyCount "48"]
[EventDate "2020.02.07"]
[EventType "swiss"]
[EventRounds "5"]
[EventCountry "SUI"]
[SourceTitle "CBM 195 Extra"]
[Source "ChessBase"]
[SourceDate "2020.05.31"]
[SourceVersion "1"]
[SourceVersionDate "2020.05.31"]
[SourceQuality "1"]

1. e4 c5 2. Nf3 d6 3. Bc4 Nc6 4. a3 Nf6 5. d3 e6 6. 0-0 Be7 7. Bg5 0-0 8. Qe2 h6 9. Bd2 d5 10. Ba2 Re8 11. Re1 b6 12. exd5 exd5 13. Qd1 Bb7 14. c3 Qc7 15. g3 Rad8 16. Bf4 Qd7 17. Bc1 Bd6 18. Rxe8+ Rxe8 19. d4 Ba6 20. Nbd2 Qh3 21. dxc5 Bxc5 22. c4 Ng4 23. Qf1 Bxf2+ 24. Kh1 Re1 0-1

[Event "Locarno op 4th"]
[Site "Locarno"]
[Date "2019.04.06"]
[Round "3"]
[White "Carron, Joel"]
[Black "Zahner, Rolf"]
[Result "1/2-1/2"]
[WhiteElo "1534"]
[BlackElo "1465"]
[PlyCount "64"]
[EventDate "2019.04.05"]
[EventType "swiss"]
[EventRounds "5"]
[EventCountry "SUI"]
[SourceTitle "CBM 190 Extra"]
[Source "ChessBase"]
[SourceDate "2019.07.15"]
[SourceVersion "1"]
[SourceVersionDate "2019.07.15"]
[SourceQuality "1"]

1. e4 e5 2. Nf3 d6 3. d4 Nd7 4. dxe5 dxe5 5. Bc4 h6 6. Nc3 Ngf6 7. 0-0 Be7 8. Re1 c6 9. a3 0-0 10. b4 Qc7 11. Nh4 Nb6 12. Ba2 Rd8 13. Qf3 Bd6 14. Bxh6 Bg4 15. Qg3 Qd7 16. h3 gxh6 17. hxg4 Qxg4 18. Qxg4+ Nxg4 19. Nf5 Bf8 20. Rad1 Nf6 21. Rd3 Rxd3 22. cxd3 Rd8 23. Re3 Rd7 24. Rf3 Nh7 25. Ne2 Nc8 26. d4 exd4 27. Rd3 Ng5 28. f3 Ne7 29. Nxe7+ Bxe7 30. Rxd4 Rxd4 31. Nxd4 c5 32. Nf5 Bf8 1/2-1/2

[Event "Ascona op 10th"]
[Site "Ascona"]
[Date "2015.04.16"]
[Round "4"]
[White "Burger, Nico"]
[Black "Zahner, Rolf"]
[Result "1-0"]
[WhiteElo "1743"]
[BlackElo "1620"]
[PlyCount "75"]
[EventDate "2015.04.14"]
[EventType "swiss"]
[EventRounds "5"]
[EventCountry "SUI"]
[SourceTitle "CBM 166 Extra"]
[Source "ChessBase"]
[SourceDate "2015.06.18"]
[SourceVersion "1"]
[SourceVersionDate "2015.06.18"]
[SourceQuality "1"]

1. e4 c5 2. d4 cxd4 3. c3 dxc3 4. Nxc3 d6 5. Bc4 Nf6 6. e5 Ng8 7. Nf3 e6 8. 0-0 Qc7 9. Bb5+ Bd7 10. Bf4 d5 11. Rc1 Nc6 12. Bg3 Qd8 13. Nd4 Rc8 14. Bxc6 Bxc6 15. Ncb5 Bxb5 16. Nxb5 a6 17. Nd6+ Bxd6 18. exd6 Nf6 19. Qa4+ Nd7 20. Rc7 Rxc7 21. dxc7 Qc8 22. Bd6 f6 23. Qg4 Kf7 24. Rc1 g6 25. Qh4 e5 26. Qh3 Nb6 27. Qe3 Nc4 28. Qc5 Nxd6 29. Qxd6 d4 30. b4 Re8 31. h3 Re6 32. Qd8 Re8 33. Qd5+ Re6 34. a4 Ke7 35. b5 Rd6 36. Qc5 b6 37. Qa3 axb5 38. Rc6 1-0

[Event "Ascona op 10th"]
[Site "Ascona"]
[Date "2015.04.15"]
[Round "3"]
[White "Gervasoni, Pietro"]
[Black "Zahner, Rolf"]
[Result "1-0"]
[WhiteElo "1915"]
[BlackElo "1620"]
[PlyCount "93"]
[EventDate "2015.04.14"]
[EventType "swiss"]
[EventRounds "5"]
[EventCountry "SUI"]
[SourceTitle "CBM 166 Extra"]
[Source "ChessBase"]
[SourceDate "2015.06.18"]
[SourceVersion "1"]
[SourceVersionDate "2015.06.18"]
[SourceQuality "1"]

1. e4 c5 2. c3 d6 3. d4 cxd4 4. cxd4 a6 5. Nf3 Bd7 6. Nc3 e6 7. Be2 Nc6 8. 0-0 Nge7 9. a3 Ng6 10. Be3 b5 11. d5 Nce5 12. Qd4 Nxf3+ 13. Bxf3 e5 14. Qb6 Be7 15. Qxd8+ Bxd8 16. Rac1 0-0 17. Na2 f5 18. Nb4 f4 19. Bd2 Ba5 20. Rfd1 Ne7 21. Nc6 Bxd2 22. Rxd2 Kf7 23. Na5 Rfc8 24. Rxc8 Rxc8 25. Nb7 Rc1+ 26. Rd1 Rxd1+ 27. Bxd1 Nc8 28. Kf1 Ke7 29. Ke1 Nb6 30. b3 Bc8 31. Na5 Bd7 32. Kd2 Kd8 33. Kc3 Kc7 34. Kb4 Nc8 35. Be2 Kb6 36. a4 Na7 37. h3 Nc8 38. axb5 axb5 39. Nc6 Bxc6 40. dxc6 Na7 41. c7 Kxc7 42. Bxb5 Nc6+ 43. Bxc6 Kxc6 44. Kc4 g5 45. b4 h5 46. b5+ Kb6 47. Kd5 1-0

[Event "Lugano op"]
[Site "Lugano"]
[Date "2014.11.09"]
[Round "5"]
[White "Zahner, Rolf"]
[Black "Gherghel Butan, Maria"]
[Result "1/2-1/2"]
[WhiteElo "1618"]
[BlackElo "1586"]
[PlyCount "31"]
[EventDate "2014.11.07"]
[EventType "swiss"]
[EventRounds "5"]
[EventCountry "SUI"]
[SourceTitle "EXT 2015"]
[Source "ChessBase"]
[SourceDate "2014.11.20"]
[SourceVersion "1"]
[SourceVersionDate "2014.11.20"]
[SourceQuality "1"]

1. e4 c6 2. d4 d5 3. e5 Bf5 4. Bd3 Bxd3 5. Qxd3 e6 6. a3 c5 7. c3 Nc6 8. Nf3 Qb6 9. b4 cxd4 10. cxd4 Rc8 11. 0-0 Nge7 12. Be3 Nf5 13. Nc3 Be7 14. Na4 Qd8 15. Rac1 0-0 16. Rc3 1/2-1/2

[Event "San Bernardino op"]
[Site "San Bernardino"]
[Date "2014.10.05"]
[Round "4"]
[White "Zahner, Rolf"]
[Black "Nipote, Mario"]
[Result "1/2-1/2"]
[WhiteElo "1625"]
[BlackElo "1537"]
[PlyCount "25"]
[EventDate "2014.10.03"]
[EventType "swiss"]
[EventRounds "5"]
[EventCountry "SUI"]
[SourceTitle "CBM 163 Extra"]
[Source "ChessBase"]
[SourceDate "2014.12.23"]
[SourceVersion "1"]
[SourceVersionDate "2014.12.23"]
[SourceQuality "1"]

1. e4 c6 2. d4 d5 3. e5 c5 4. c3 Nc6 5. Nf3 Bg4 6. Be2 e6 7. 0-0 cxd4 8. cxd4 Bb4 9. Be3 Nge7 10. Qb3 Qc7 11. a3 Ba5 12. Nc3 a6 13. Rfd1 1/2-1/2

[Event "San Bernardino op"]
[Site "San Bernardino"]
[Date "2014.10.04"]
[Round "3"]
[White "Gherghel Butan, Maria"]
[Black "Zahner, Rolf"]
[Result "1-0"]
[WhiteElo "1588"]
[BlackElo "1625"]
[PlyCount "53"]
[EventDate "2014.10.03"]
[EventType "swiss"]
[EventRounds "5"]
[EventCountry "SUI"]
[SourceTitle "CBM 163 Extra"]
[Source "ChessBase"]
[SourceDate "2014.12.23"]
[SourceVersion "1"]
[SourceVersionDate "2014.12.23"]
[SourceQuality "1"]

1. e4 c5 2. Nf3 d6 3. d4 cxd4 4. Nxd4 Nf6 5. Nc3 a6 6. f3 b5 7. a3 Bb7 8. Be3 e6 9. Qd2 Be7 10. 0-0-0 Nbd7 11. h4 Rc8 12. g4 Ne5 13. Be2 Nc4 14. Bxc4 Rxc4 15. h5 d5 16. g5 Nd7 17. exd5 exd5 18. Nf5 d4 19. Bxd4 Bxf3 20. Nxe7 Kxe7 21. Qe3+ Kf8 22. Qxf3 Qxg5+ 23. Be3 Qd8 24. Rhf1 Nf6 25. Nd5 Ke8 26. Rfe1 Qc8 27. Bc5+ 1-0

[Event "San Bernardino op"]
[Site "San Bernardino"]
[Date "2014.10.04"]
[Round "2"]
[White "Zahner, Rolf"]
[Black "Coqueraut, Jean Dominique"]
[Result "1/2-1/2"]
[WhiteElo "1625"]
[BlackElo "1771"]
[PlyCount "27"]
[EventDate "2014.10.03"]
[EventType "swiss"]
[EventRounds "5"]
[EventCountry "SUI"]
[SourceTitle "CBM 163 Extra"]
[Source "ChessBase"]
[SourceDate "2014.12.23"]
[SourceVersion "1"]
[SourceVersionDate "2014.12.23"]
[SourceQuality "1"]

1. e4 c6 2. d4 d6 3. Nf3 Nf6 4. Nc3 e6 5. Be2 Be7 6. 0-0 0-0 7. Bg5 h6 8. Bc1 Qc7 9. Qd3 b6 10. Ne1 Ba6 11. Qf3 Bxe2 12. Qxe2 e5 13. dxe5 dxe5 14. Qf3 1/2-1/2

[Event "Ascona op 9th"]
[Site "Ascona"]
[Date "2014.04.05"]
[Round "3"]
[White "Zahner, Rolf"]
[Black "Britschgi, Michele"]
[Result "0-1"]
[WhiteElo "1647"]
[BlackElo "1636"]
[PlyCount "74"]
[EventDate "2014.04.04"]
[EventType "swiss"]
[EventRounds "5"]
[EventCountry "SUI"]
[SourceTitle "CBM 160 Extra"]
[Source "ChessBase"]
[SourceDate "2014.07.01"]
[SourceVersion "1"]
[SourceVersionDate "2014.07.01"]
[SourceQuality "1"]

1. e4 d5 2. exd5 Qxd5 3. Nc3 Qa5 4. d4 Nf6 5. Bd2 c6 6. Ne4 Qf5 7. Ng3 Qd5 8. Nf3 Bg4 9. c3 e6 10. Be2 Bd6 11. h3 Bxg3 12. fxg3 Bh5 13. g4 Bg6 14. b3 Nbd7 15. c4 Qd6 16. Qc1 Qg3+ 17. Kf1 Ne4 18. Be1 Qc7 19. Bd3 Ng3+ 20. Bxg3 Bxd3+ 21. Kf2 Qd8 22. Qe3 Bg6 23. Nh4 Qf6+ 24. Ke2 0-0 25. Rhf1 Qd8 26. Bd6 Qxh4 27. Bxf8 Rxf8 28. d5 cxd5 29. Qxa7 Ne5 30. Rad1 Qg3 31. Qd4 Qxg2+ 32. Rf2 Qg3 33. cxd5 exd5 34. Qxd5 h6 35. Rg2 Qc3 36. Qxb7 Re8 37. Qb5 Qf3+ 0-1

[Event "Stein am Rhein op 2nd"]
[Site "Stein am Rhein"]
[Date "2014.03.02"]
[Round "4"]
[White "Benazzo, Angelo"]
[Black "Zahner, Rolf"]
[Result "1-0"]
[WhiteElo "1762"]
[BlackElo "1651"]
[PlyCount "53"]
[EventDate "2014.02.28"]
[EventType "swiss"]
[EventRounds "5"]
[EventCountry "SUI"]
[SourceTitle "CBM 159 Extra"]
[Source "ChessBase"]
[SourceDate "2014.04.24"]
[SourceVersion "1"]
[SourceVersionDate "2014.04.24"]
[SourceQuality "1"]

1. Nf3 b6 2. g3 Bb7 3. Bg2 d6 4. 0-0 e5 5. d3 Be7 6. Nc3 Nf6 7. Bg5 Nd5 8. Bd2 Nxc3 9. Bxc3 0-0 10. Qd2 Nd7 11. h4 f5 12. Rad1 Qc8 13. e3 Qe8 14. Ng5 Bxg2 15. Kxg2 Bf6 16. f4 exf4 17. exf4 h6 18. Rde1 Qc8 19. Ne6 Qb7+ 20. Kh3 Rfe8 21. Bxf6 Nxf6 22. Qc3 c5 23. Re2 Re7 24. Qb3 Nd5 25. d4 Rae8 26. Rfe1 Kf7 27. Nd8+ 1-0

[Event "San Bernardino op"]
[Site "San Bernardino"]
[Date "2013.09.15"]
[Round "4"]
[White "Zahner, Rolf"]
[Black "Borin, Fabio"]
[Result "0-1"]
[WhiteElo "1649"]
[BlackElo "2103"]
[PlyCount "50"]
[EventDate "2013.09.13"]
[EventType "swiss"]
[EventRounds "9"]
[EventCountry "SUI"]
[SourceTitle "EXT 2014"]
[Source "ChessBase"]
[SourceDate "2013.11.20"]
[SourceVersion "1"]
[SourceVersionDate "2013.11.20"]
[SourceQuality "1"]

1. e4 d5 2. exd5 Qxd5 3. Nc3 Qa5 4. d4 c6 5. Bd2 Qb6 6. Bc1 Nf6 7. Be2 Bf5 8. Nf3 e6 9. Nh4 Bg6 10. Nxg6 hxg6 11. a3 Bd6 12. h3 Nbd7 13. Qd3 Rh4 14. g4 0-0-0 15. b4 Rdh8 16. Bg5 R4h7 17. 0-0-0 a5 18. Na4 Qa7 19. b5 cxb5 20. Qc3+ Kb8 21. Bxb5 Ne4 22. Qe3 Nxg5 23. Bxd7 Nxh3 24. Qc3 b6 25. Qc6 Qc7 0-1

[Event "San Bernardino op"]
[Site "San Bernardino"]
[Date "2013.09.15"]
[Round "5"]
[White "Zahner, Rolf"]
[Black "Fischer, Daniel"]
[Result "0-1"]
[WhiteElo "1649"]
[BlackElo "1724"]
[PlyCount "56"]
[EventDate "2013.09.13"]
[EventType "swiss"]
[EventRounds "9"]
[EventCountry "SUI"]
[SourceTitle "EXT 2014"]
[Source "ChessBase"]
[SourceDate "2013.11.20"]
[SourceVersion "1"]
[SourceVersionDate "2013.11.20"]
[SourceQuality "1"]

1. e4 e5 2. Bc4 Nf6 3. d3 Nc6 4. c3 Bc5 5. Nf3 d6 6. h3 h6 7. b4 Bb6 8. 0-0 0-0 9. Nh4 Nxe4 10. Ng6 Ng3 11. Re1 Qf6 12. Nxf8 Qxf2+ 13. Kh2 Nf5 14. Rf1 Qg3+ 15. Kh1 Nh4 16. Bxf7+ Kxf8 17. Bd5+ Ke7 18. Rf7+ Ke8 19. Qf1 Bf5 20. Bd2 Ne7 21. Be6 Bxe6 22. Be1 Qe3 23. Rf8+ Kd7 24. Rxa8 Nxg2 25. Bf2 Qxh3+ 26. Kg1 Qg3 27. Kh1 Bxf2 28. Nd2 Qh3# 0-1

[Event "San Bernardino op"]
[Site "San Bernardino"]
[Date "2013.09.13"]
[Round "1"]
[White "Zahner, Rolf"]
[Black "Cacciola, Alfredo"]
[Result "0-1"]
[WhiteElo "1649"]
[BlackElo "2109"]
[PlyCount "76"]
[EventDate "2013.09.13"]
[EventType "swiss"]
[EventRounds "9"]
[EventCountry "SUI"]
[SourceTitle "EXT 2014"]
[Source "ChessBase"]
[SourceDate "2013.11.20"]
[SourceVersion "1"]
[SourceVersionDate "2013.11.20"]
[SourceQuality "1"]

1. e4 c5 2. Nf3 d6 3. Bb5+ Bd7 4. Bxd7+ Qxd7 5. 0-0 Nc6 6. Nc3 Nf6 7. d3 g6 8. Ne2 Bg7 9. c3 0-0 10. Ng3 b5 11. Rb1 b4 12. Bd2 bxc3 13. Bxc3 Rab8 14. a3 Rfc8 15. Qe2 Ne8 16. Bxg7 Nxg7 17. Rfc1 Ne6 18. Qd1 Ncd4 19. Nxd4 Nxd4 20. Ne2 Nxe2+ 21. Qxe2 Rb3 22. Rc3 Rcb8 23. Rxb3 Rxb3 24. Qc2 Qb5 25. Kf1 Rxd3 26. Qe2 Rb3 27. Qxb5 Rxb5 28. Ke2 Kf8 29. Kd3 Ke8 30. Kc4 a6 31. b4 Kd7 32. a4 Rxb4+ 33. Rxb4 cxb4 34. Kxb4 Kc6 35. Ka5 Kb7 36. Kb4 Kb6 37. a5+ Kc6 38. Kc4 e6 0-1

[Event "Omegna op 1st"]
[Site "Omegna"]
[Date "2013.07.05"]
[Round "3"]
[White "Franchetti Pardo, Niccolo"]
[Black "Zahner, Rolf"]
[Result "0-1"]
[WhiteElo "1514"]
[BlackElo "1667"]
[PlyCount "92"]
[EventDate "2013.07.04"]
[EventType "swiss"]
[EventRounds "6"]
[EventCountry "ITA"]
[SourceTitle "EXT 2014"]
[Source "ChessBase"]
[SourceDate "2013.11.20"]
[SourceVersion "1"]
[SourceVersionDate "2013.11.20"]
[SourceQuality "1"]

1. d4 Nf6 2. c4 g6 3. Nc3 Bg7 4. e4 d6 5. Be2 0-0 6. Bg5 h6 7. Bh4 Nbd7 8. Nf3 c6 9. 0-0 Nh5 10. Qd2 Qe8 11. e5 dxe5 12. Nxe5 Nhf6 13. Rae1 Nxe5 14. dxe5 Nd7 15. Bg3 Kh7 16. Bd3 Nc5 17. Bc2 Be6 18. b3 Rd8 19. Qe3 b6 20. f4 f5 21. Rd1 Rxd1 22. Rxd1 Qc8 23. b4 Na6 24. Bb3 Nxb4 25. c5 Bxb3 26. axb3 b5 27. Qd4 Na6 28. b4 Nc7 29. Qd7 Na6 30. Qxe7 Nxb4 31. Rd7 Rg8 32. e6 Qe8 33. Rxa7 Qxe7 34. Rxe7 Kh8 35. Rd7 Bxc3 36. e7 Bf6 37. Be1 Nd5 38. Rd6 Bxe7 39. Rxc6 Kg7 40. g3 Rb8 41. Bf2 b4 42. Bd4+ Kf7 43. Be5 Rb7 44. Bd6 b3 45. Rb6 Nxb6 46. Be5 Bxc5+ 0-1

[Event "Omegna op 1st"]
[Site "Omegna"]
[Date "2013.07.04"]
[Round "1"]
[White "Montilli, Vincenzo"]
[Black "Zahner, Rolf"]
[Result "1-0"]
[WhiteElo "2015"]
[BlackElo "1667"]
[PlyCount "51"]
[EventDate "2013.07.04"]
[EventType "swiss"]
[EventRounds "6"]
[EventCountry "ITA"]
[SourceTitle "EXT 2014"]
[Source "ChessBase"]
[SourceDate "2013.11.20"]
[SourceVersion "1"]
[SourceVersionDate "2013.11.20"]
[SourceQuality "1"]

1. d4 b6 2. c4 Bb7 3. Nc3 e6 4. e4 d6 5. Bd3 Nd7 6. Be3 Ngf6 7. h3 Be7 8. Nf3 0-0 9. 0-0 e5 10. d5 Nc5 11. Bc2 Bc8 12. b4 Ncd7 13. Rc1 Ne8 14. Nd2 Nb8 15. Nb3 f5 16. exf5 Bxf5 17. Bxf5 Rxf5 18. Ne4 Nd7 19. Qe2 Rf7 20. Rfd1 Nef6 21. Ng5 Qe8 22. Nxf7 Qxf7 23. Qd2 Rf8 24. a3 Qg6 25. Qc2 Qf7 26. Qf5 1-0

[Event "Lugano op 15th"]
[Site "Lugano"]
[Date "2012.11.01"]
[Round "2"]
[White "Agnello, Francesco Claudio"]
[Black "Zahner, Rolf"]
[Result "1-0"]
[WhiteElo "1741"]
[BlackElo "1680"]
[PlyCount "81"]
[EventDate "2012.11.01"]
[EventType "swiss"]
[EventRounds "7"]
[EventCountry "SUI"]
[SourceTitle "EXT 2013"]
[Source "ChessBase"]
[SourceDate "2012.11.22"]
[SourceVersion "1"]
[SourceVersionDate "2012.11.22"]
[SourceQuality "1"]

1. d4 Nf6 2. Bg5 g6 3. Bxf6 exf6 4. g3 Bg7 5. Bg2 f5 6. e3 c6 7. c4 Qa5+ 8. Qd2 Qb6 9. c5 Qc7 10. Ne2 d6 11. cxd6 Qxd6 12. Nbc3 0-0 13. 0-0 Nd7 14. Nf4 Nf6 15. Rac1 Bd7 16. Rfd1 Rfe8 17. Nd3 Rad8 18. Nc5 Bc8 19. Qc2 b6 20. Nd3 Nd7 21. Ne2 c5 22. dxc5 Nxc5 23. Nxc5 Qxc5 24. Rxd8 Rxd8 25. Qxc5 bxc5 26. Rxc5 Rd1+ 27. Bf1 Ba6 28. Rc2 Bd3 29. Rc8+ Bf8 30. Kg2 Rd2 31. Nc3 Bxf1+ 32. Kxf1 Rxb2 33. a4 Rc2 34. Rc7 Bb4 35. Nd5 Rxc7 36. Nxc7 a5 37. Ke2 Kf8 38. Kd3 Ke7 39. Nd5+ Kd6 40. Nxb4 axb4 41. Kc4 1-0